| 000 | 00654nam a2200241Ia 4500 | ||
|---|---|---|---|
| 003 | OSt | ||
| 005 | 20220924144107.0 | ||
| 006 | a|||||r|||| 00| 0 | ||
| 007 | ta | ||
| 008 | 220923b |||||||| |||| 00| 0 urd d | ||
| 024 | _a311918 | ||
| 037 | _cTextual | ||
| 040 |
_aARTS _cARTS _burd |
||
| 041 |
_2urd _aurd |
||
| 082 | _aO168,1K32,1, J5 | ||
| 100 |
_aMohammad Bahri _9217020 |
||
| 245 | 0 | _aMasnavi man lagan | |
| 260 | _c1955 | ||
| 650 | _aURDU POETRY | ||
| 700 |
_a Mirza Mohammad Sakhawat Ed. _9217021 |
||
| 942 |
_hO168,1K32,1, J5 _cTEXL _2CC |
||
| 999 |
_c456073 _d456073 |
||